000 02544nam0a2200457 4500
001 RU\NLR\BIBL_A\011959059
005 20251014113744.0
010 _a978-5-93061-127-4
_9300
021 _aRU
_bКН-П-19-004257
_9КН-П-19-0509
035 _a(NLR Aleph) 011959059
035 _a(RuMoRGB)009888222
090 _a11193158
_c11193158
100 _a20190313d2018 k y0rusy50 ca
101 0 _arus
102 _aRU
105 _aah||z|||001zy
200 1 _aЭпистолярное наследие устюгской купеческой семьи Булдаковых конца XVIII - первой четверти XIX века: тексты и исследования
_f[Ф.Я. Коновалов, Ю.С. Егорова, В.А. Коноплев и др.
_gпод редакцией к.и.н. Ф.Я. Коновалова]
_gВологодский государственный историко-архитектурный и художественный музей-заповедник, Государственный архив Вологодской области
210 _aВологда
_cДревности Севера
_d2018
215 _a416 с.
_cцв. ил., факс.
_d22
300 _aАвт. указаны на обороте тит. л.
320 _aБиблиогр.: с. 361-366 и в подстроч. примеч.
320 _aИмен. указ.: с. 373-397
320 _aГеогр. указ.: с. 398-407
602 _aБулдаковы (семья)
_92407523
_3RU\NLR\AUTH\6601653990
606 1 _aРусский язык
_xИсторическая стилистика
_91543697
_3RU\NLR\AUTH\66974438
686 1 _aТ214(2)0-3
686 1 _aУ42(28)1
686 1 _aШ141.12-0-7
701 1 _aКоновалов
_bФ. Я.
_gФедор Яковлевич
701 1 _aЕгорова
_bЮ. С.
_cканд. ист. наук
_gЮлия Сергеевна
_9204477
_3RU\NLR\AUTH\770204529
701 1 _aКоноплев
_bВ.А.
712 0 2 _4570
_aВологодский государственный историко-архитектурный и художественный музей-заповедник
_9516909
_3RU\NLR\AUTH\8810009589
722 _aБулдаковы (семья)
_4570
942 _cBOOK
980 _aGENEAL02
980 _aNBR
980 _aNB